000 00897nam1a22002411 4500
001 rc\4353272
005 20130416135902.2
035 _a(NLR Aleph) 008279883
090 _a8509577
_c8509577
100 _a20130416d1960 |||y0rusy50 ca
101 0 _arus
102 _aRU
105 _a z |||||
200 1 _aВведение в расчетные методы прогноза погоды
_e[Учеб. пособие]
_eЧ. 1-
_fЛенингр. краснознам. воен.-воздуш. инж. акад. им. А.Ф. Можайского
210 _aЛенинград
_cБ. и.
_d1960
215 _d22
300 _aПеред загл. авт.: канд. физ.-матем. наук Л.С. Гандин
700 1 _aГандин
_bЛ. С.
_gЛев Семенович
801 0 _aRU
_bNLR
_gpsbo
801 1 _aRU
_bELAR
_2rusmarc
852 _aNLR
_j60-5/3333
942 _cBOOK
980 _aNB